Régi vágyak
Elmentve itt :
| Szerző: | |
|---|---|
| Dokumentumtípus: | Cikk |
| Megjelent: |
1926
|
| Sorozat: | Kolligátum
|
| Kulcsszavak: | Vallásos irodalom - magyar - 20. sz. |
| Online Access: | http://misc.bibl.u-szeged.hu/26191 |
| LEADER | 00540nab a2200169 i 4500 | ||
|---|---|---|---|
| 001 | misc26191 | ||
| 005 | 20191111110512.0 | ||
| 008 | 170821s1926 hu o 0|| zxx d | ||
| 040 | |a SZTE Miscellanea Repozitórium |b hun | ||
| 041 | |a zxx | ||
| 100 | 1 | |a Szentiványi Róbert | |
| 245 | 1 | 0 | |a Régi vágyak |h [elektronikus dokumentum] / |c Szentiványi Róbert |
| 260 | |c 1926 | ||
| 300 | |a 6-17 | ||
| 490 | 0 | |a Kolligátum | |
| 695 | |a Vallásos irodalom - magyar - 20. sz. | ||
| 856 | 4 | 0 | |u http://misc.bibl.u-szeged.hu/26191/1/018_025_006-017.pdf |z Dokumentum-elérés |